000 00597nam a2200181Ia 4500
008 100920s9999 xx 000 0 und d
082 _b101645
_a28 व 891,43 न 08
100 _aभारद्वाज उमेश.
245 _aआदमी की परख.
260 _bसंकेत प्रका.इलाहबाद.
_c2008
300 _a158
_bसाधी
365 _b195
520 _aबा.वि.हिंदी.
630 _aआदमी की परख.
650 _aबा.वि.हिंदी.
730 _aआदमी की परख.
942 _cBOOK
999 _c742082
_d742079